<?xml version="1.0" encoding="UTF-8"?>
<record
    xmlns:xsi="http://www.w3.org/2001/XMLSchema-instance"
    xsi:schemaLocation="http://www.loc.gov/MARC21/slim http://www.loc.gov/standards/marcxml/schema/MARC21slim.xsd"
    xmlns="http://www.loc.gov/MARC21/slim">

  <leader>00866nam a22001817a 4500</leader>
  <controlfield tag="008">110810t1972    xxu||||g |||| 000 0 ara d</controlfield>
  <datafield tag="082" ind1=" " ind2=" ">
    <subfield code="2">22</subfield>
    <subfield code="a">393</subfield>
    <subfield code="b">&#x639; &#x648; &#x64A; </subfield>
  </datafield>
  <datafield tag="100" ind1=" " ind2=" ">
    <subfield code="9">26626</subfield>
    <subfield code="a">&#x639;&#x648;&#x64A;&#x633;&#x60C;&#x633;&#x64A;&#x62F;</subfield>
  </datafield>
  <datafield tag="245" ind1=" " ind2=" ">
    <subfield code="a">&#x627;&#x644;&#x62E;&#x644;&#x648;&#x62F; &#x641;&#x649; &#x62D;&#x64A;&#x627;&#x629; &#x627;&#x644;&#x645;&#x635;&#x631;&#x64A;&#x64A;&#x646; &#x627;&#x644;&#x645;&#x639;&#x627;&#x635;&#x631;&#x64A;&#x646; :</subfield>
    <subfield code="b">&#x646;&#x638;&#x631;&#x629; &#x627;&#x644;&#x642;&#x627;&#x62F;&#x629; &#x627;&#x644;&#x62B;&#x642;&#x627;&#x641;&#x64A;&#x64A;&#x646; &#x627;&#x644;&#x645;&#x635;&#x631;&#x64A;&#x64A;&#x646; &#x646;&#x62D;&#x648; &#x638;&#x627;&#x647;&#x631;&#x629; &#x627;&#x644;&#x645;&#x648;&#x62A; &#x648; &#x646;&#x62D;&#x648; &#x627;&#x644;&#x645;&#x648;&#x62A;&#x649; /</subfield>
    <subfield code="c">&#x633;&#x64A;&#x62F; &#x639;&#x648;&#x64A;&#x633; </subfield>
  </datafield>
  <datafield tag="260" ind1=" " ind2=" ">
    <subfield code="a">&#x627;&#x644;&#x642;&#x627;&#x647;&#x631;&#x629;:</subfield>
    <subfield code="b">&#x627;&#x644;&#x647;&#x64A;&#x626;&#x629; &#x627;&#x644;&#x645;&#x635;&#x631;&#x64A;&#x629; &#x627;&#x644;&#x639;&#x627;&#x645;&#x629; &#x644;&#x644;&#x643;&#x62A;&#x627;&#x628;&#x60C;1972.</subfield>
    <subfield code="c">1972.</subfield>
  </datafield>
  <datafield tag="300" ind1=" " ind2=" ">
    <subfield code="a">290&#x635;&#x60C;</subfield>
    <subfield code="c">24&#x633;&#x645;.</subfield>
  </datafield>
  <datafield tag="650" ind1=" " ind2=" ">
    <subfield code="9">26630</subfield>
    <subfield code="a">&#x627;&#x644;&#x645;&#x648;&#x62A;</subfield>
    <subfield code="x">&#x639;&#x627;&#x62F;&#x627;&#x62A; &#x648; &#x62A;&#x642;&#x627;&#x644;&#x64A;&#x62F;</subfield>
  </datafield>
  <datafield tag="650" ind1=" " ind2=" ">
    <subfield code="9">26631</subfield>
    <subfield code="a">&#x627;&#x644;&#x62E;&#x644;&#x648;&#x62F;</subfield>
  </datafield>
  <datafield tag="650" ind1=" " ind2=" ">
    <subfield code="9">26632</subfield>
    <subfield code="a">&#x627;&#x644;&#x62D;&#x64A;&#x627;&#x629; &#x627;&#x644;&#x623;&#x62E;&#x631;&#x649;</subfield>
  </datafield>
  <datafield tag="653" ind1=" " ind2=" ">
    <subfield code="b">General</subfield>
    <subfield code="c">August2011</subfield>
  </datafield>
  <datafield tag="942" ind1=" " ind2=" ">
    <subfield code="2">ddc</subfield>
    <subfield code="c">BB</subfield>
  </datafield>
  <datafield tag="999" ind1=" " ind2=" ">
    <subfield code="c">15800</subfield>
    <subfield code="d">15800</subfield>
  </datafield>
  <datafield tag="952" ind1=" " ind2=" ">
    <subfield code="0">0</subfield>
    <subfield code="1">0</subfield>
    <subfield code="2">ddc</subfield>
    <subfield code="4">0</subfield>
    <subfield code="7">0</subfield>
    <subfield code="8"> </subfield>
    <subfield code="a">MAIN</subfield>
    <subfield code="b">MAIN</subfield>
    <subfield code="c">1ST</subfield>
    <subfield code="d">2011-08-10</subfield>
    <subfield code="e">Donation</subfield>
    <subfield code="o">393 &#x639; &#x648; &#x64A;</subfield>
    <subfield code="p">000024442</subfield>
    <subfield code="r">2025-07-15 00:00:00</subfield>
    <subfield code="y">BB</subfield>
  </datafield>
</record>
